[Event "DVM U20 2019"]
[Site "Braunschweig GER"]
[Date "2019.12.28"]
[Round "4"]
[White "Eurich, Alexander"]
[Black "Wegmer, Leon"]
[Result "1-0"]
[Termination "normal"]
[Board "5.4"]
[WhiteElo "1741"]
[BlackElo "1939"]
[WhiteClock "00:13:17"]
[BlackClock "01:05:10"]
[WhiteTeam "SF HN-Biberach 1978 e.V."]
[BlackTeam "Karlsruher SF"]
[PlyCount "84"]
[WhiteFideId "12953121"]
[BlackFideId "12983748"]
[EventCountry "GER"]
[EventRounds "7"]
[EventType "team-swiss"]
[EventDate "2019.12.26"]

1. e4 {[%clk 1:30:58]} c6 {[%clk 1:30:14]} 2. d4 {[%clk 1:30:14]} d5 {[%clk
1:30:43]} 3. exd5 {[%clk 1:30:15]} cxd5 {[%clk 1:31:12]} 4. Nf3 {[%clk
1:27:50]} Nc6 {[%clk 1:30:38]} 5. c3 {[%clk 1:24:52]} Nf6 {[%clk 1:31:02]} 6.
Bd3 {[%clk 1:23:47]} Bg4 {[%clk 1:31:24]} 7. Bf4 {[%clk 1:22:36]} e6 {[%clk
1:31:43]} 8. Nbd2 {[%clk 1:21:25]} Bd6 {[%clk 1:31:58]} 9. Bxd6 {[%clk
1:20:11]} Qxd6 {[%clk 1:31:43]} 10. Qc2 {[%clk 1:19:40]} O-O {[%clk 1:31:36]}
11. O-O {[%clk 1:20:02]} a6 {[%clk 1:31:17]} 12. Rae1 {[%clk 1:18:58]} Rac8
{[%clk 1:29:51]} 13. a3 {[%clk 1:18:40]} b5 {[%clk 1:30:14]} 14. Qb1 {[%clk
1:18:02]} Bh5 {[%clk 1:25:21]} 15. Ne5 {[%clk 1:15:17]} Bg6 {[%clk 1:24:37]}
16. Ndf3 {[%clk 1:06:52]} Bxd3 {[%clk 1:24:51]} 17. Qxd3 {[%clk 1:07:08]} Na5
{[%clk 1:22:40]} 18. Nd2 {[%clk 0:47:55]} Nc4 {[%clk 1:19:53]} 19. Qc2 {[%clk
0:41:45]} Nd7 {[%clk 1:12:06]} 20. f4 {[%clk 0:37:08]} Ndb6 {[%clk 1:09:57]}
21. Nd3 {[%clk 0:32:18]} Nxd2 {[%clk 1:08:59]} 22. Qxd2 {[%clk 0:32:30]} Nc4
{[%clk 1:08:26]} 23. Qc1 {[%clk 0:29:34]} f6 {[%clk 1:08:44]} 24. Re2 {[%clk
0:26:08]} a5 {[%clk 1:06:29]} 25. Rfe1 {[%clk 0:26:00]} Rfe8 {[%clk 1:06:00]}
26. g3 {[%clk 0:24:44]} Re7 {[%clk 1:04:44]} 27. Nc5 {[%clk 0:20:24]} e5 {[%clk
1:04:03]} 28. b3 {[%clk 0:20:20]} Nb6 {[%clk 1:04:11]} 29. fxe5 {[%clk
0:20:40]} fxe5 {[%clk 1:04:36]} 30. Rxe5 {[%clk 0:20:52]} Rxe5 {[%clk 1:05:00]}
31. Rxe5 {[%clk 0:21:16]} Rxc5 {[%clk 1:03:59]} 32. Re8+ {[%clk 0:20:34]} Kf7
{[%clk 1:04:24]} 33. dxc5 {[%clk 0:20:40]} Qxc5+ {[%clk 1:04:08]} 34. Qe3
{[%clk 0:21:03]} Qxe3+ {[%clk 1:04:36]} 35. Rxe3 {[%clk 0:21:15]} a4 {[%clk
1:05:01]} 36. bxa4 {[%clk 0:20:40]} bxa4 {[%clk 1:05:05]} 37. Rf3+ {[%clk
0:17:05]} Ke6 {[%clk 1:05:27]} 38. Rf4 {[%clk 0:16:50]} g5 {[%clk 1:04:30]} 39.
Rb4 {[%clk 0:16:48]} Nc4 {[%clk 1:04:54]} 40. Rxa4 {[%clk 0:16:59]} Kd6 {[%clk
1:04:49]} 41. Rxc4 {[%clk 0:12:51]} dxc4 {[%clk 1:05:10]} 42. Kf2 {[%clk
0:13:17]} Kd5 1-0

[Event "DVM U20 2019"]
[Site "Braunschweig GER"]
[Date "2019.12.28"]
[Round "4"]
[White "Grining, Maria"]
[Black "Fischer, Patrick"]
[Result "1/2-1/2"]
[Termination "normal"]
[Board "5.5"]
[WhiteElo "1744"]
[BlackElo "1604"]
[WhiteClock "00:20:02"]
[BlackClock "00:08:52"]
[WhiteTeam "Karlsruher SF"]
[BlackTeam "SF HN-Biberach 1978 e.V."]
[PlyCount "115"]
[WhiteFideId "16235037"]
[BlackFideId "12953075"]
[EventCountry "GER"]
[EventRounds "7"]
[EventType "team-swiss"]
[EventDate "2019.12.26"]

1. d4 {[%clk 1:30:51]} c6 {[%clk 1:30:35]} 2. Nf3 {[%clk 1:31:09]} d5 {[%clk
1:30:56]} 3. e3 {[%clk 1:31:22]} Bg4 {[%clk 1:30:48]} 4. c4 {[%clk 1:31:10]} e6
{[%clk 1:30:35]} 5. Be2 {[%clk 1:30:37]} dxc4 {[%clk 1:29:28]} 6. Bxc4 {[%clk
1:30:39]} Nf6 {[%clk 1:29:22]} 7. Nc3 {[%clk 1:29:47]} Nbd7 {[%clk 1:24:32]} 8.
h3 {[%clk 1:27:50]} Bxf3 {[%clk 1:24:11]} 9. Qxf3 {[%clk 1:28:00]} Nb6 {[%clk
1:19:39]} 10. Bb3 {[%clk 1:22:44]} g6 {[%clk 1:17:02]} 11. e4 {[%clk 0:58:41]}
Qxd4 {[%clk 1:06:17]} 12. Be3 {[%clk 0:58:03]} Qd8 {[%clk 1:06:46]} 13. Bg5
{[%clk 0:56:54]} Be7 {[%clk 1:07:06]} 14. Bh6 {[%clk 0:50:49]} Nbd7 {[%clk
1:00:12]} 15. Rd1 {[%clk 0:45:27]} Qc7 {[%clk 0:59:21]} 16. Bf4 {[%clk
0:42:03]} Qa5 {[%clk 0:56:53]} 17. O-O {[%clk 0:36:36]} O-O {[%clk 0:57:06]}
18. Bd6 {[%clk 0:34:15]} Bxd6 {[%clk 0:46:23]} 19. Rxd6 {[%clk 0:34:38]} Qe5
{[%clk 0:43:04]} 20. Qd3 {[%clk 0:29:40]} Nc5 {[%clk 0:40:45]} 21. f4 {[%clk
0:29:25]} Qh5 22. Qd4 {[%clk 0:27:45]} Nxb3 {[%clk 0:35:34]} 23. Qxf6 {[%clk
0:27:43]} Qc5+ {[%clk 0:35:34]} 24. Kh1 {[%clk 0:27:18]} Qxd6 {[%clk 0:35:16]}
25. axb3 {[%clk 0:27:30]} Qd8 {[%clk 0:34:41]} 26. Qe5 {[%clk 0:26:59]} Qe7
{[%clk 0:34:19]} 27. f5 {[%clk 0:26:16]} Qg5 {[%clk 0:28:35]} 28. Rf4 {[%clk
0:21:22]} exf5 {[%clk 0:27:30]} 29. exf5 {[%clk 0:19:28]} Rfe8 {[%clk 0:26:21]}
30. Qd4 {[%clk 0:19:25]} Re1+ {[%clk 0:20:35]} 31. Kh2 {[%clk 0:19:51]} Rd8
{[%clk 0:19:33]} 32. Qf2 {[%clk 0:17:11]} Qe7 {[%clk 0:18:15]} 33. fxg6 {[%clk
0:10:08]} hxg6 {[%clk 0:15:33]} 34. Rxf7 {[%clk 0:07:51]} Qxf7 {[%clk 0:11:17]}
35. Qxe1 {[%clk 0:08:06]} Qxb3 {[%clk 0:07:05]} 36. Qe7 {[%clk 0:07:08]} Rf8
{[%clk 0:06:46]} 37. Ne4 {[%clk 0:05:48]} Qf7 {[%clk 0:06:31]} 38. Qb4 {[%clk
0:03:40]} Qf4+ {[%clk 0:01:43]} 39. g3 {[%clk 0:03:58]} Qf7 {[%clk 0:01:27]}
40. Qd4 {[%clk 0:02:40]} Qe6 {[%clk 0:00:58]} 41. Qd3 {[%clk 0:28:50]} Re8
{[%clk 0:26:55]} 42. Nc3 {[%clk 0:28:52]} Qf5 {[%clk 0:24:17]} 43. Qc4+ {[%clk
0:27:01]} Kh7 {[%clk 0:24:31]} 44. Qh4+ {[%clk 0:27:00]} Kg7 45. Qd4+ {[%clk
0:26:57]} Qe5 {[%clk 0:18:08]} 46. Qxa7 {[%clk 0:26:27]} Qe3 {[%clk 0:18:15]}
47. Qxb7+ {[%clk 0:25:37]} Re7 {[%clk 0:18:31]} 48. Qxc6 {[%clk 0:25:45]} Rf7
{[%clk 0:13:46]} 49. h4 {[%clk 0:24:29]} Rf2+ {[%clk 0:13:49]} 50. Kh3 {[%clk
0:24:34]} Rxb2 {[%clk 0:13:37]} 51. Ne4 {[%clk 0:23:06]} Qb6 {[%clk 0:10:50]}
52. Qxb6 {[%clk 0:21:14]} Rxb6 {[%clk 0:11:11]} 53. Nf2 {[%clk 0:21:06]} Kf6
{[%clk 0:10:55]} 54. Ne4+ {[%clk 0:20:38]} Kf5 {[%clk 0:10:44]} 55. Ng5 {[%clk
0:20:49]} Rb3 {[%clk 0:09:42]} 56. Nf7 {[%clk 0:20:26]} Rb4 {[%clk 0:08:39]}
57. Ng5 {[%clk 0:20:11]} Ra4 {[%clk 0:08:52]} 58. Nf7 {[%clk 0:20:02]} 1/2-1/2

[Event "DVM U20 2019"]
[Site "Braunschweig GER"]
[Date "2019.12.28"]
[Round "4"]
[White "Vuckovic, Zarko"]
[Black "Lutz, Ruben"]
[Result "1-0"]
[Termination "normal"]
[Board "6.1"]
[WhiteElo "2258"]
[BlackElo "2132"]
[WhiteClock "01:45:04"]
[BlackClock "00:30:30"]
[WhiteTeam "Schachfreunde Augsburg"]
[BlackTeam "USV TU Dresden"]
[PlyCount "83"]
[WhiteFideId "12952087"]
[BlackFideId "12975974"]
[EventCountry "GER"]
[EventRounds "7"]
[EventType "team-swiss"]
[EventDate "2019.12.26"]

1. e4 {[%clk 1:30:58]} e6 {[%clk 1:30:48]} 2. d4 {[%clk 1:31:07]} d5 {[%clk
1:31:08]} 3. e5 {[%clk 1:30:51]} c5 {[%clk 1:31:26]} 4. c3 {[%clk 1:31:18]} Nc6
{[%clk 1:31:42]} 5. Nf3 {[%clk 1:31:45]} Qb6 {[%clk 1:31:56]} 6. a3 {[%clk
1:32:10]} c4 {[%clk 1:31:59]} 7. g3 {[%clk 1:32:28]} f6 {[%clk 1:32:12]} 8. Bg2
{[%clk 1:30:52]} fxe5 {[%clk 1:32:15]} 9. Nxe5 {[%clk 1:31:15]} Nxe5 {[%clk
1:32:10]} 10. dxe5 {[%clk 1:31:43]} Bc5 {[%clk 1:31:31]} 11. O-O {[%clk
1:31:50]} Ne7 {[%clk 1:30:57]} 12. Nd2 {[%clk 1:31:39]} O-O {[%clk 1:29:13]}
13. Qe2 {[%clk 1:32:05]} Bd7 {[%clk 1:23:59]} 14. Rb1 {[%clk 1:31:59]} Ba4
{[%clk 1:10:39]} 15. h4 {[%clk 1:32:17]} Nf5 {[%clk 0:54:22]} 16. Kh2 {[%clk
1:32:17]} Nh6 {[%clk 0:52:57]} 17. Nf3 {[%clk 1:25:39]} Ng4+ {[%clk 0:43:40]}
18. Kg1 {[%clk 1:26:03]} Be8 {[%clk 0:43:57]} 19. Bf4 {[%clk 1:25:40]} Bg6
{[%clk 0:39:57]} 20. Rbd1 {[%clk 1:25:16]} Bd3 {[%clk 0:38:53]} 21. Rxd3 {[%clk
1:25:39]} cxd3 {[%clk 0:39:15]} 22. Qd2 {[%clk 1:25:53]} a5 {[%clk 0:26:04]}
23. Bh3 {[%clk 1:23:22]} Nxf2 {[%clk 0:14:57]} 24. Rxf2 {[%clk 1:23:46]} Bxf2+
{[%clk 0:15:24]} 25. Qxf2 {[%clk 1:24:14]} Qxf2+ {[%clk 0:15:47]} 26. Kxf2
{[%clk 1:24:37]} Ra6 {[%clk 0:16:01]} 27. Nd4 {[%clk 1:23:42]} Kf7 {[%clk
0:15:34]} 28. Ke3 {[%clk 1:23:23]} a4 {[%clk 0:06:11]} 29. Kxd3 {[%clk
1:23:46]} Ke7 {[%clk 0:05:56]} 30. Bf1 {[%clk 1:23:10]} Raa8 {[%clk 0:01:54]}
31. Ke3 {[%clk 1:23:25]} h6 {[%clk 0:01:31]} 32. Bd3 {[%clk 1:21:00]} Rg8
{[%clk 0:01:29]} 33. h5 {[%clk 1:19:59]} Ra5 {[%clk 0:01:19]} 34. g4 {[%clk
1:17:58]} Kf7 {[%clk 0:00:38]} 35. Bg3 {[%clk 1:15:35]} Rc8 {[%clk 0:00:31]}
36. Bh4 {[%clk 1:15:02]} Rac5 {[%clk 0:00:34]} 37. Bg6+ {[%clk 1:13:42]} Kg8
{[%clk 0:00:48]} 38. Be7 {[%clk 1:14:02]} Ra5 {[%clk 0:00:40]} 39. Nxe6 {[%clk
1:13:48]} Rb5 {[%clk 0:01:04]} 40. Bb4 {[%clk 1:14:11]} Rc4 {[%clk 0:00:41]}
41. Nd4 {[%clk 1:14:20]} Rb6 {[%clk 0:30:30]} 42. e6 {[%clk 1:45:04]} 1-0

[Event "DVM U20 2019"]
[Site "Braunschweig GER"]
[Date "2019.12.28"]
[Round "4"]
[White "Richter, Philipp"]
[Black "Weller, Uli"]
[Result "0-1"]
[Termination "normal"]
[Board "6.2"]
[WhiteElo "2084"]
[BlackElo "2070"]
[WhiteClock "00:38:02"]
[BlackClock "00:15:07"]
[WhiteTeam "USV TU Dresden"]
[BlackTeam "Schachfreunde Augsburg"]
[PlyCount "62"]
[WhiteFideId "16219929"]
[BlackFideId "12971782"]
[EventCountry "GER"]
[EventRounds "7"]
[EventType "team-swiss"]
[EventDate "2019.12.26"]

1. d4 {[%clk 1:30:59]} Nf6 {[%clk 1:30:47]} 2. c4 {[%clk 1:31:24]} e6 {[%clk
1:31:08]} 3. Nc3 {[%clk 1:31:49]} Bb4 {[%clk 1:31:30]} 4. Qc2 {[%clk 1:32:12]}
c5 {[%clk 1:31:50]} 5. dxc5 {[%clk 1:32:36]} Na6 {[%clk 1:32:11]} 6. Nf3 {[%clk
1:31:05]} Nxc5 {[%clk 1:31:12]} 7. a3 {[%clk 1:31:01]} Bxc3+ {[%clk 1:31:30]}
8. Qxc3 {[%clk 1:31:21]} O-O {[%clk 1:30:45]} 9. g3 {[%clk 1:29:02]} b6 {[%clk
1:25:45]} 10. Bg2 {[%clk 1:27:57]} Bb7 {[%clk 1:24:53]} 11. O-O {[%clk
1:26:24]} Rc8 {[%clk 1:22:02]} 12. Bf4 {[%clk 1:21:35]} d5 {[%clk 1:20:04]} 13.
Rac1 {[%clk 1:14:17]} dxc4 {[%clk 1:11:50]} 14. Rfd1 {[%clk 1:11:55]} Nd5
{[%clk 1:10:42]} 15. Qxc4 {[%clk 1:09:58]} Ba6 {[%clk 1:10:50]} 16. Qa2 {[%clk
1:02:37]} Bxe2 {[%clk 1:10:20]} 17. Rd2 {[%clk 1:02:17]} Ba6 {[%clk 1:06:29]}
18. Ne5 {[%clk 0:59:29]} Ne4 {[%clk 0:52:35]} 19. Rdd1 {[%clk 0:47:52]} Nxf4
{[%clk 0:52:25]} 20. gxf4 {[%clk 0:47:57]} Rxc1 {[%clk 0:52:37]} 21. Rxc1
{[%clk 0:47:35]} Qd2 {[%clk 0:52:53]} 22. Qb1 {[%clk 0:47:34]} Qxf2+ {[%clk
0:52:19]} 23. Kh1 {[%clk 0:47:52]} Nd2 {[%clk 0:51:06]} 24. Qc2 {[%clk
0:47:37]} Qxf4 {[%clk 0:50:56]} 25. Re1 {[%clk 0:46:42]} g6 {[%clk 0:46:14]}
26. Qc3 {[%clk 0:46:31]} f6 {[%clk 0:19:59]} 27. Nd7 {[%clk 0:40:48]} Rf7
{[%clk 0:18:58]} 28. Qc6 {[%clk 0:39:54]} Kg7 {[%clk 0:15:20]} 29. Rxe6 {[%clk
0:37:24]} Nf1 {[%clk 0:14:58]} 30. Kg1 {[%clk 0:37:39]} Qxh2+ {[%clk 0:15:07]}
31. Kf2 {[%clk 0:38:02]} Qf4+ 0-1

[Event "DVM U20 2019"]
[Site "Braunschweig GER"]
[Date "2019.12.28"]
[Round "4"]
[White "McPherson, Elisha"]
[Black "Schamschurko, André"]
[Result "1-0"]
[Termination "normal"]
[Board "6.3"]
[WhiteElo "1975"]
[BlackElo "1868"]
[WhiteClock "00:02:18"]
[BlackClock "00:03:12"]
[WhiteTeam "Schachfreunde Augsburg"]
[BlackTeam "USV TU Dresden"]
[PlyCount "103"]
[WhiteFideId "16255852"]
[BlackFideId "24695670"]
[EventCountry "GER"]
[EventRounds "7"]
[EventType "team-swiss"]
[EventDate "2019.12.26"]

1. e4 {[%clk 1:30:58]} c5 {[%clk 1:30:51]} 2. Nc3 {[%clk 1:31:19]} Nc6 {[%clk
1:31:08]} 3. f4 {[%clk 1:31:09]} e6 {[%clk 1:31:14]} 4. Nf3 {[%clk 1:31:31]} d6
{[%clk 1:30:49]} 5. d4 {[%clk 1:22:21]} cxd4 {[%clk 1:27:07]} 6. Nxd4 {[%clk
1:22:34]} a6 {[%clk 1:22:26]} 7. Be3 {[%clk 1:17:33]} Nf6 {[%clk 1:16:08]} 8.
Be2 {[%clk 1:09:48]} Be7 {[%clk 1:10:17]} 9. Bf3 {[%clk 1:07:01]} e5 {[%clk
1:05:31]} 10. Nb3 {[%clk 0:53:06]} O-O {[%clk 0:59:46]} 11. Qe2 {[%clk
0:44:25]} b5 {[%clk 0:48:27]} 12. O-O-O {[%clk 0:42:25]} Bb7 {[%clk 0:43:42]}
13. Nd5 {[%clk 0:36:09]} Rc8 {[%clk 0:28:59]} 14. Bb6 {[%clk 0:31:33]} Qe8
{[%clk 0:28:01]} 15. Nxf6+ {[%clk 0:31:11]} Bxf6 {[%clk 0:26:47]} 16. Bg4
{[%clk 0:29:53]} exf4 {[%clk 0:18:44]} 17. Bxc8 {[%clk 0:29:13]} Qe5 {[%clk
0:18:34]} 18. c3 {[%clk 0:27:49]} Rxc8 {[%clk 0:18:46]} 19. Kb1 {[%clk
0:27:07]} Ne7 {[%clk 0:12:43]} 20. Rhe1 {[%clk 0:26:06]} Bh4 {[%clk 0:11:52]}
21. Bd4 {[%clk 0:21:45]} Qe6 {[%clk 0:11:31]} 22. Bf2 {[%clk 0:16:36]} Bxf2
{[%clk 0:07:56]} 23. Qxf2 {[%clk 0:17:05]} Ng6 {[%clk 0:07:13]} 24. Qe2 {[%clk
0:15:12]} Re8 {[%clk 0:06:51]} 25. Rd4 {[%clk 0:09:56]} Qe7 {[%clk 0:06:51]}
26. Nd2 {[%clk 0:08:02]} f5 {[%clk 0:06:48]} 27. Qf2 {[%clk 0:07:34]} fxe4
{[%clk 0:06:43]} 28. Nxe4 {[%clk 0:07:01]} Kf8 {[%clk 0:05:43]} 29. Re2 {[%clk
0:05:35]} d5 {[%clk 0:04:12]} 30. Ng3 {[%clk 0:05:36]} Qf6 {[%clk 0:03:36]} 31.
Rxe8+ {[%clk 0:05:24]} Kxe8 {[%clk 0:04:02]} 32. Ne2 {[%clk 0:05:27]} Qf5+
{[%clk 0:04:17]} 33. Kc1 {[%clk 0:05:17]} Ne5 {[%clk 0:04:27]} 34. Rxf4 {[%clk
0:03:18]} Nd3+ {[%clk 0:04:47]} 35. Kd2 {[%clk 0:03:21]} Qxf4+ {[%clk 0:04:06]}
36. Qxf4 {[%clk 0:03:38]} Nxf4 {[%clk 0:04:30]} 37. Nxf4 {[%clk 0:04:06]} Ke7
{[%clk 0:04:44]} 38. Ke3 {[%clk 0:03:59]} g6 {[%clk 0:04:18]} 39. Kd4 {[%clk
0:04:15]} Kd6 {[%clk 0:04:36]} 40. Nh3 {[%clk 0:02:57]} h6 {[%clk 0:00:51]} 41.
Nf4 {[%clk 0:30:30]} g5 {[%clk 0:29:22]} 42. Nd3 {[%clk 0:30:41]} Bc8 {[%clk
0:28:39]} 43. g3 {[%clk 0:17:35]} a5 {[%clk 0:15:14]} 44. a4 {[%clk 0:11:50]}
bxa4 {[%clk 0:08:59]} 45. Nc5 {[%clk 0:12:07]} Kc6 {[%clk 0:08:48]} 46. Nxa4
{[%clk 0:11:25]} Ba6 {[%clk 0:08:55]} 47. Nc5 {[%clk 0:10:48]} Bc4 {[%clk
0:08:24]} 48. Ne6 {[%clk 0:08:14]} Kb5 {[%clk 0:03:27]} 49. Nc7+ {[%clk
0:08:20]} Ka4 {[%clk 0:02:43]} 50. Nxd5 {[%clk 0:01:34]} Bxd5 {[%clk 0:02:50]}
51. Kxd5 {[%clk 0:02:01]} Kb3 {[%clk 0:03:12]} 52. c4 {[%clk 0:02:18]} 1-0

[Event "DVM U20 2019"]
[Site "Braunschweig GER"]
[Date "2019.12.28"]
[Round "4"]
[White "Schubert, Bernhard"]
[Black "Weisheit, Erik"]
[Result "0-1"]
[Termination "normal"]
[Board "6.4"]
[WhiteElo "1586"]
[BlackElo "1944"]
[WhiteClock "00:03:34"]
[BlackClock "01:08:07"]
[WhiteTeam "USV TU Dresden"]
[BlackTeam "Schachfreunde Augsburg"]
[PlyCount "68"]
[WhiteFideId "16281713"]
[BlackFideId "12981702"]
[EventCountry "GER"]
[EventRounds "7"]
[EventType "team-swiss"]
[EventDate "2019.12.26"]

1. d4 {[%clk 1:30:58]} Nf6 {[%clk 1:30:51]} 2. c4 {[%clk 1:31:23]} e5 {[%clk
1:31:05]} 3. dxe5 {[%clk 1:29:57]} Ng4 {[%clk 1:31:26]} 4. Nf3 {[%clk 1:28:20]}
Bc5 {[%clk 1:31:50]} 5. e3 {[%clk 1:27:03]} Nc6 {[%clk 1:32:13]} 6. Nc3 {[%clk
1:24:29]} O-O {[%clk 1:31:59]} 7. Be2 {[%clk 1:23:16]} Re8 {[%clk 1:32:10]} 8.
O-O {[%clk 1:22:02]} a5 {[%clk 1:32:02]} 9. Nd4 {[%clk 1:17:42]} Ngxe5 {[%clk
1:32:20]} 10. Nxc6 {[%clk 1:17:26]} Nxc6 {[%clk 1:32:34]} 11. b3 {[%clk
1:14:47]} Ne5 {[%clk 1:32:15]} 12. Bb2 {[%clk 1:12:19]} Ra6 {[%clk 1:31:52]}
13. Ne4 {[%clk 1:06:39]} Bf8 {[%clk 1:32:11]} 14. Ng3 {[%clk 1:04:10]} d5
{[%clk 1:26:56]} 15. Qxd5 {[%clk 0:58:19]} Rd6 {[%clk 1:27:08]} 16. Qxa5 {[%clk
0:57:44]} b6 {[%clk 1:27:12]} 17. Qc3 {[%clk 0:50:54]} Qh4 {[%clk 1:26:36]} 18.
Nh5 {[%clk 0:40:19]} Rh6 {[%clk 1:25:21]} 19. Qd4 {[%clk 0:37:22]} Rxh5 {[%clk
1:21:00]} 20. Bxh5 {[%clk 0:37:09]} Qxh5 {[%clk 1:21:13]} 21. Qd1 {[%clk
0:35:09]} Qh6 {[%clk 1:18:55]} 22. Bxe5 {[%clk 0:31:37]} Rxe5 {[%clk 1:19:15]}
23. Qf3 {[%clk 0:23:30]} Rh5 {[%clk 1:16:09]} 24. Qf4 {[%clk 0:19:54]} Qg6
{[%clk 1:09:04]} 25. Qg3 {[%clk 0:12:27]} Rg5 {[%clk 1:08:38]} 26. Qf3 {[%clk
0:12:13]} Bg4 {[%clk 1:08:39]} 27. Qg3 {[%clk 0:05:38]} Be2 {[%clk 1:08:56]}
28. Qh3 {[%clk 0:05:32]} Bxf1 {[%clk 1:09:12]} 29. Rxf1 {[%clk 0:05:03]} h6
{[%clk 1:09:21]} 30. g3 {[%clk 0:04:27]} Ra5 {[%clk 1:09:07]} 31. Qc8 {[%clk
0:03:50]} Qd6 {[%clk 1:09:16]} 32. Qg4 {[%clk 0:03:42]} Rxa2 {[%clk 1:09:22]}
33. Rd1 {[%clk 0:03:57]} Rd2 {[%clk 1:09:12]} 34. Ra1 {[%clk 0:03:34]} Rxf2
{[%clk 1:08:07]} 0-1

[Event "DVM U20 2019"]
[Site "Braunschweig GER"]
[Date "2019.12.28"]
[Round "4"]
[White "Hamkar, Mehran"]
[Black "Meyer, Julian"]
[Result "1-0"]
[Termination "normal"]
[Board "6.5"]
[WhiteElo "1814"]
[BlackElo "1664"]
[WhiteClock "00:18:02"]
[BlackClock "00:26:36"]
[WhiteTeam "Schachfreunde Augsburg"]
[BlackTeam "USV TU Dresden"]
[PlyCount "55"]
[WhiteFideId "16216946"]
[BlackFideId "16298608"]
[EventCountry "GER"]
[EventRounds "7"]
[EventType "team-swiss"]
[EventDate "2019.12.26"]

1. e4 {[%clk 1:30:53]} Nf6 {[%clk 1:30:57]} 2. e5 {[%clk 1:31:15]} Nd5 {[%clk
1:31:25]} 3. d4 {[%clk 1:31:37]} d6 {[%clk 1:31:51]} 4. Nf3 {[%clk 1:32:00]}
Bg4 {[%clk 1:32:14]} 5. Be2 {[%clk 1:31:27]} dxe5 {[%clk 1:31:58]} 6. Nxe5
{[%clk 1:31:36]} Bxe2 {[%clk 1:32:10]} 7. Qxe2 {[%clk 1:31:58]} e6 {[%clk
1:31:36]} 8. Qb5+ {[%clk 1:23:20]} Nd7 {[%clk 1:31:17]} 9. Nxd7 {[%clk
1:16:00]} Qxd7 {[%clk 1:31:40]} 10. Qxb7 {[%clk 1:16:00]} Nb6 {[%clk 1:31:37]}
11. c3 {[%clk 1:08:59]} c6 {[%clk 1:19:39]} 12. Qxd7+ {[%clk 1:07:59]} Nxd7
{[%clk 1:20:02]} 13. Bf4 {[%clk 1:04:56]} Nb6 {[%clk 1:15:29]} 14. Nd2 {[%clk
0:54:04]} Rd8 {[%clk 1:15:21]} 15. O-O-O {[%clk 0:53:10]} Bd6 {[%clk 1:13:55]}
16. Bxd6 {[%clk 0:51:04]} Rxd6 {[%clk 1:14:19]} 17. Ne4 {[%clk 0:50:54]} Rd5
{[%clk 1:13:28]} 18. Rhe1 {[%clk 0:50:51]} O-O {[%clk 1:06:54]} 19. f4 {[%clk
0:37:38]} Ra5 {[%clk 0:56:37]} 20. Kb1 {[%clk 0:35:17]} Rf5 {[%clk 0:55:13]}
21. g3 {[%clk 0:34:45]} Rb8 {[%clk 0:51:59]} 22. b3 {[%clk 0:32:38]} Kf8 {[%clk
0:46:09]} 23. Nc5 {[%clk 0:28:03]} Kg8 {[%clk 0:39:29]} 24. Kc2 {[%clk
0:26:04]} Rd8 {[%clk 0:34:30]} 25. c4 {[%clk 0:24:20]} Ra8 {[%clk 0:30:17]} 26.
a4 {[%clk 0:18:05]} a5 {[%clk 0:29:45]} 27. Re5 {[%clk 0:18:02]} Rxe5 {[%clk
0:26:36]} 28. dxe5 1-0

[Event "DVM U20 2019"]
[Site "Braunschweig GER"]
[Date "2019.12.28"]
[Round "4"]
[White "Peukert, Marc"]
[Black "Klenk, Sofie"]
[Result "1/2-1/2"]
[Termination "normal"]
[Board "6.6"]
[WhiteElo "1518"]
[BlackElo "1812"]
[WhiteClock "00:16:36"]
[BlackClock "00:15:34"]
[WhiteTeam "USV TU Dresden"]
[BlackTeam "Schachfreunde Augsburg"]
[PlyCount "54"]
[WhiteFideId "16259440"]
[BlackFideId "12996653"]
[EventCountry "GER"]
[EventRounds "7"]
[EventType "team-swiss"]
[EventDate "2019.12.26"]

1. Nf3 {[%clk 1:30:58]} d5 {[%clk 1:30:45]} 2. c4 {[%clk 1:31:22]} c6 {[%clk
1:31:06]} 3. Nc3 {[%clk 1:30:54]} Nf6 {[%clk 1:31:27]} 4. d3 {[%clk 1:29:49]}
Bf5 {[%clk 1:31:13]} 5. g3 {[%clk 1:29:03]} Nbd7 {[%clk 1:29:56]} 6. Bg2 {[%clk
1:23:54]} e5 {[%clk 1:26:27]} 7. Bg5 {[%clk 1:20:44]} d4 {[%clk 1:22:05]} 8.
Nb1 {[%clk 1:17:37]} h6 {[%clk 1:20:53]} 9. Bxf6 {[%clk 1:17:33]} Qxf6 {[%clk
1:21:20]} 10. O-O {[%clk 1:16:25]} Bd6 {[%clk 1:18:52]} 11. Nbd2 {[%clk
1:11:37]} g5 {[%clk 1:04:06]} 12. Ne4 {[%clk 0:58:37]} Bxe4 {[%clk 1:03:10]}
13. dxe4 {[%clk 0:58:55]} Nc5 {[%clk 0:48:13]} 14. Qc2 {[%clk 0:52:54]} Qg6
{[%clk 0:47:56]} 15. b4 {[%clk 0:40:18]} Ne6 {[%clk 0:40:49]} 16. c5 {[%clk
0:39:22]} Bc7 {[%clk 0:41:14]} 17. Qd3 {[%clk 0:38:07]} O-O {[%clk 0:40:53]}
18. Rac1 {[%clk 0:35:56]} Qf6 {[%clk 0:38:59]} 19. b5 {[%clk 0:33:38]} cxb5
{[%clk 0:34:39]} 20. Qxb5 {[%clk 0:33:47]} Nd8 {[%clk 0:34:16]} 21. Qd7 {[%clk
0:26:25]} Qc6 {[%clk 0:28:15]} 22. Qf5 {[%clk 0:24:47]} Qe6 {[%clk 0:26:36]}
23. Bh3 {[%clk 0:20:27]} Re8 {[%clk 0:24:59]} 24. Kg2 {[%clk 0:19:14]} Qxf5
{[%clk 0:17:57]} 25. Bxf5 {[%clk 0:19:33]} Ne6 {[%clk 0:18:03]} 26. h4 {[%clk
0:16:53]} f6 {[%clk 0:15:38]} 27. hxg5 {[%clk 0:16:36]} fxg5 {[%clk 0:15:34]}
1/2-1/2